Catàleg del Col·legi de Periodistes de Catalunya

La competencia de lo falso (Registre núm. 7180)

000 -CABECERA
Longitud fija campo de control 01354cam a22002417a 4500
003 - IDENTIFICADOR DEL NÚMERO DE CONTROL
Identificador del número de control OSt
005 - FECHA Y HORA DE LA ÚLTIMA TRANSACCIÓN
Fecha y hora de la última transacción 20211222142854.0
008 - CÓDIGOS DE INFORMACIÓN DE LONGITUD FIJA
Códigos de información de longitud fija 181115s2018 sp a 001 0bspa|d
017 ## - NÚMERO DE COPYRIGHT O DE DEPÓSITO LEGAL
Número de copyright o de depósito legal DL M 20548-2018
Agencia que asigna el número Oficina DL Madrid
020 ## - NÚMERO INTERNACIONAL NORMALIZADO PARA LIBROS
Número Internacional Normalizado para Libros (ISBN) 9788437638836
040 ## - FUENTE DE LA CATALOGACIÓN
Centro catalogador de origen ES-BaUAB
Lengua de catalogación cat
Centro transcriptor CDMR
100 1# - PUNTO DE ACCESO PRINCIPAL-NOMBRE DE PERSONA
Nombre de persona Marzo, Jorge Luis,
245 13 - MENCIÓN DE TÍTULO
Título La competencia de lo falso
Resto del título : una historia del fake /
Mención de responsabilidad, etc. Jorge Luis Marzo ; prólogo de Joan Fontcuberta
260 ## - PUBLICACIÓN, DISTRIBUCIÓN, ETC. (PIE DE IMPRENTA)
Lugar de publicación, distribución, etc. Madrid :
Nombre del editor, distribuidor, etc. Cátedra,
Fecha de publicación, distribución, etc. 2018
300 ## - DESCRIPCIÓN FÍSICA
Extensión 308 p. :
Otras características físicas il ;
Dimensiones 18 cm
504 ## - NOTA DE BIBLIOGRAFÍA, ETC
Nota de bibliografía, etc. Inclou bibliografia i índex
520 ## - NOTA DE SUMARIO
Sumario, etc, "Tradiciones inventadas. Pintores que no existen. Libros que debieran haber existido. Identidades tomadas en préstamo. La rica cultura de lo falso se ha tejido a la sombra de diferentes regulaciones de la verdad destinadas a delimitar qué es ficción y qué realidad. Hoy sabemos que son la misma cosa, y que la ficción funda realidades, que tiene voluntad pública, cuestionando la común interpretación de lo verdadero. La gestión de la verdad y de sus formatos es la base de toda autoridad. El "fake" surge precisamente para cortocircuitarla, explorando sus quimeras lingüísticas." --
Fuente proveedora Ediciones Cátedra
650 #4 - PUNTO DE ACCESO ADICIONAL DE MATERIA - TÉRMINO DE MATERIA
Término de materia o nombre geográfico como elemento inicial Veritat i mentida
650 #0 - PUNTO DE ACCESO ADICIONAL DE MATERIA - TÉRMINO DE MATERIA
Término de materia o nombre geográfico como elemento inicial Desinformació
9 (RLIN) 4286
650 #0 - PUNTO DE ACCESO ADICIONAL DE MATERIA - TÉRMINO DE MATERIA
Término de materia o nombre geográfico como elemento inicial Fake news
9 (RLIN) 4796
700 1# - PUNTO DE ACCESO ADICIONAL - NOMBRE DE PERSONA
Nombre de persona Fontcuberta, Joan
Fechas asociadas al nombre 1955-
9 (RLIN) 977
942 ## - ENTRADA DE ELEMENTOS AGREGADOS (KOHA)
Koha [por defecto] tipo de item Monografies
Fuente de clasificaión o esquema
Fons
Suprimido Perdido Estropeado No para préstamo Localización permanente Localización actual Fecha adquisición Fuente de adquisición Coste, precio normal de compra Préstamos totales Renovaciones totales Signatura completa Código de barras Fecha última consulta Fecha último préstamo Coste, precio reemplazado Fecha del precio de reemplazo Tipo de item de Koha
        Centre de Documentació Montserrat Roig Centre de Documentació Montserrat Roig 2018-11-15 Intercanvi 20.00 3 3 Ck 3/24 CDMR18111620 2020-02-18 2019-10-30 20.00 2018-11-15 Monografies

Implantat amb Koha